Alibi Junior High / (Record no. 5518)

MARC details
000 -LEADER
fixed length control field 01287cam a2200361 a 4500
001 - CONTROL NUMBER
control field 5518
003 - CONTROL NUMBER IDENTIFIER
control field FISKH
005 - DATE AND TIME OF LATEST TRANSACTION
control field 20241216123325.0
008 - FIXED-LENGTH DATA ELEMENTS--GENERAL INFORMATION
fixed length control field 111207r20112009nyu c 000 1 eng
010 ## - LIBRARY OF CONGRESS CONTROL NUMBER
LC control number 2011501767
020 ## - INTERNATIONAL STANDARD BOOK NUMBER
International Standard Book Number 9781416948148
040 ## - CATALOGING SOURCE
Original cataloging agency DLC
Transcribing agency DLC
Language of cataloging eng
Modifying agency FISKH
050 ## - LIBRARY OF CONGRESS CALL NUMBER
Classification number PZ7.L8286
082 ## - DEWEY DECIMAL CLASSIFICATION NUMBER
Classification number 415
100 1# - MAIN ENTRY--PERSONAL NAME
Personal name Logsted, Greg.
245 10 - TITLE STATEMENT
Title Alibi Junior High /
Statement of responsibility, etc. Greg Logsted.
250 ## - EDITION STATEMENT
Edition statement First Aladdin paperback edition August 2011
260 ## - PUBLICATION, DISTRIBUTION, ETC.
Place of publication, distribution, etc. New York :
Name of publisher, distributor, etc. Aladdin,
Date of publication, distribution, etc. 2009
300 ## - PHYSICAL DESCRIPTION
Extent 244 pages :
Dimensions 20 cm.
520 ## - SUMMARY, ETC.
Summary, etc. After thirteen-year-old Cody and his father, an undercover agent, are nearly killed, Cody moves in with his aunt in Connecticut, where he is helped with his adjustment to the trials of attending public school for the first time and investigating a threat in nearby woods by a wounded Iraq War veteran.
521 8# - TARGET AUDIENCE NOTE
Target audience note 570<br/>
Source Lexile <br/>
521 8# - TARGET AUDIENCE NOTE
Target audience note N<br/>
Source Raz-Plus<br/>
650 #1 - SUBJECT ADDED ENTRY--TOPICAL TERM
Topical term or geographic name entry element Interpersonal relations
Form subdivision Fiction.
650 #1 - SUBJECT ADDED ENTRY--TOPICAL TERM
Topical term or geographic name entry element Junior high schools
Form subdivision Fiction.
650 #1 - SUBJECT ADDED ENTRY--TOPICAL TERM
Topical term or geographic name entry element Schools
Form subdivision Fiction.
650 #1 - SUBJECT ADDED ENTRY--TOPICAL TERM
Topical term or geographic name entry element Aunts
Form subdivision Fiction.
650 #1 - SUBJECT ADDED ENTRY--TOPICAL TERM
Topical term or geographic name entry element Veterans
Form subdivision Fiction.
650 #1 - SUBJECT ADDED ENTRY--TOPICAL TERM
Topical term or geographic name entry element Spies
Form subdivision Fiction.
651 #1 - SUBJECT ADDED ENTRY--GEOGRAPHIC NAME
Geographic name Connecticut
Form subdivision Fiction.
906 ## - LOCAL DATA ELEMENT F, LDF (RLIN)
a 7
b cbc
c origcop
d 2
e ncip
f 20
g y-gencatlg
942 ## - ADDED ENTRY ELEMENTS (KOHA)
Source of classification or shelving scheme Dewey Decimal Classification
Koha item type Books
Suppress in OPAC No
Holdings
Withdrawn status Lost status Source of classification or shelving scheme Damaged status Not for loan Collection Home library Current library Shelving location Date acquired Total Checkouts Full call number Barcode Date last seen Price effective from Koha item type
    Dewey Decimal Classification     Fiction Footprints International School Library Network Toul Kork Campus Footprints International School Library Network Toul Kork Campus TTP Primary Orange Bookshelves 12/16/2024   LOG 415 PZ7.L8286 2024-2449 12/16/2024 12/16/2024 Books